| 000 | 00679nam a2200277Ia 4500 | ||
|---|---|---|---|
| 008 | 160803s9999 xx 000 0 und d | ||
| 020 | _a 978-1416982715 | ||
| 100 | _aHolub, Joan | ||
| 245 | _aAthena the brain / | ||
| 245 | _cJoan Holub & Suzanne Williams. | ||
| 260 | _aNew York : | ||
| 260 | _bScholastic Inc. | ||
| 260 | _c2010 | ||
| 300 | _a160 pages ; | ||
| 300 | _c20 cm | ||
| 440 | _aGoddess girls. | ||
| 650 | _aAthena (Greek deity) -- | ||
| 650 | _aGoddesses, Greek -- | ||
| 650 | _aMythology, Greek -- | ||
| 650 | _aSchools -- | ||
| 650 | _xFiction. | ||
| 650 | _xFiction. | ||
| 650 | _xFiction. | ||
| 650 | _xFiction. | ||
| 700 | _a710 | ||
| 999 |
_c298582 _d298582 |
||